| 000 | 01130aam a2200325 4500 | ||
|---|---|---|---|
| 999 |
_c46892 _d46892 |
||
| 001 | 20541 | ||
| 003 | CO-MdFUSB | ||
| 005 | 20171110093654.0 | ||
| 008 | 170511t1995 xxud|||f |||| 00| 0 eng d | ||
| 020 | _a0-8006-2859-4 | ||
| 040 |
_aCO-MdFUSB _bspa _cCO-MdFUSB _dCO-MdFUSBC _erda |
||
| 041 | _aeng | ||
| 082 |
_224 _aG 225.66 _bB657c |
||
| 100 | 1 |
_aBlount, Brian K. _eautor |
|
| 245 | 1 | 0 |
_aCultural interpretation _b: Reorienting New Testament criticism _c/ Brian K. Blount |
| 260 | _a | ||
| 264 | 1 |
_aMinneapolis, Minnesota : _bFortress Press, _c℗1995 |
|
| 264 | 4 | _c©1995 | |
| 300 | _a222 páginas | ||
| 336 |
_2rdacontent _atexto _btxt |
||
| 337 |
_2rdamedia _asin mediación _bn |
||
| 338 |
_2rdacarrier _avolumen _bnc |
||
| 500 | _aIncluye índices (p. 219-222) | ||
| 504 | _aBibliografía (p. 213- 217) | ||
| 505 | 0 | 0 | _aUn enfoque contextual para la interpretación del Nuevo Testamento - Contextos culturales e interpretación bíblica - Interpretando el juicio de Jesús en Marcos |
| 563 | _aRústico | ||
| 653 | _aBiblia -- Nuevo Testamento -- Interpretación | ||
| 942 | _cBK | ||